• 首页
  • 本馆介绍
  • 公告通知
  • 最新文献
  • 馆藏检索
  • 电子资源
  • 读者导购
  • 参考咨询
  • 我的图书馆
  • 登录
  • 详细信息显示
  • 放入我的书架
  • 预约/预借图书
  • 作者相关作品
  • 分类相关作品
  • 丛书相关作品
  • 出版社相关作品

书目信息

  • 表格格式
  • 工作单格式
  • 卡片格式
题名:
数值分类学
    
 
作者: 史尼斯著 , 索卡尔 著 ;赵铁桥 译
分册:  
出版信息: 北京   科学出版社  1984
页数: 407页
开本: 25cm
丛书名:
单 册:
中图分类: Q19
科图分类:
主题词: 生物学:分类学 , 分类学:生物学
电子资源:
ISBN:
000 00866nam0 2200277 45
001 0184009637
005 20051027091010.96
010    @dCNY4.10
091    @a13031.2680
100    @a19950706d1984 em y0chiy0121 ea
101 1  @achi@ceng
102    @aCN@b110000
105    @ay z 000yy
200 10 @a数值分类学@Ashu zhi fen lei xue@e数值分类的原理和应用@f(英)P·史尼斯著,(美)R·索卡尔著@F(ying)P·shi ni si zhu,(mei)R·suo ka er zhu@g赵铁桥译
210    @a北京@c科学出版社@d1984
215    @a407页@d25cm
517 1  @a数值分类的原理和应用@Ashu zhi fen lei de yuan li he ying yong
606    @a生物学:分类学
606    @a分类学:生物学
690    @aQ19@v3
701  0 @a史尼斯著@Ashi ni si zhu@4著
701  0 @a索卡尔@Asuo ka er@4著
702  0 @a赵铁桥@Azhao tie qiao@4译
801  2 @aCN@bNLC@c20051027
801  0 @aCN@bTSSF
905    @a10447@dQ19@e11
    
    数值分类学:数值分类的原理和应用/(英)P·史尼斯著,(美)R·索卡尔著/赵铁桥译.-北京:科学出版社,1984
    407页;25cm
    
    
    ISBN :CNY4.10
    
●
相关链接 在E读中查询图书 在五车中查询图书 在当当中查询图书 在豆瓣中查询图书


正题名:数值分类学     索取号:Q19/11         预约/预借

序号 登录号 条形码 馆藏地/架位号 状态 备注
1 0124151   000074724   第二样本阅览室/ [索取号:Q19/11] 在馆    
2 0124152   202132557   第三借阅区/ [索取号:Q19/11] 在馆    
唐山师范学院图书馆 欢迎您!
大连网信软件有限公司© 版权所有